01190nam a22003377a 4500003000500000005001700005008004100022010001000063011001000073020001500083035001100098040000900109082001500118100002800133245011600161260003000277300002000307590004100327590004100368590004100409590004200450650002200492650002200514650004000536650002600576901000700602942001000609949007400619999001700693952014200710CHAP20220329143457.0091216d1993 us a r 00010 eng d a97240 a98212 a0534197884 a108896 cCHAP04a515.1bD291 aDavis, Marsha J.93128310aPrecalculus in contextbFunctioning in the real worldc/por Marsha J. Davis, Judy Flagg Moran and Mary E murphy aBoston :bPWS-Kent,c1993 a200 p. :bilus. aBATCH-UPDb10c20130110lUCH01h1019 aBATCH-UPDb10c20130410lUCH01h0625 aBATCH-UPDb10c20130914lUCH01h0952 aCONVERSIONb10c20130109lUCH01h135414aÁlgebra.98239114aCálculo.92399014aGráficasxTeoría de las.95076614aMatemáticas.972901 aBK cLIBRO a515.1 D29bBCcLIBROd33724002137603eLIBROgI.c/eh111539i108896sb c97240d97240 00102ddc4052708GRALaBCbBCcPA_GRALd2019-12-31eI.c/efLIBROl0o515.1 D29p33724002137603r2019-12-31 00:00:00w2019-12-31yLIBRO